Score 0/18 Timer 02:00
0 Plays Today
Clue 4-Letter Word % Correct
Between white and black♛ GREY ♛
98.1%
To make beer or teaBREW
90.3%
Starr football player?BART
89.5%
Increased in heightGREW
84.2%
Ernie's 'partner'BERT
81.7%
Purple root vegetableBEET
78.1%
Michaels, Hart, or McKenzie, e.g.BRET
72.4%
Dog's soundWOOF
71.5%
Owl's utteranceHOOT
70.6%
Clue 4-Letter Word % Correct
Most cows have four to walk onHOOF
70.4%
To expose body or soulBARE
68.5%
Peter and the ______♛ WOLF ♛
65.1%
To organize, filterSORT
62.3%
After a long workout, you might feel thisSORE
62.1%
Result of incomplete combustionSOOT
62%
To father, beget, especially animals like horsesSIRE
51.2%
Severely bad, urgent♛ DIRE ♛
47.7%
If too timid for truth, take this!DARE
46.2%

Today's Daily Dose

Remove Ads.
Support Sporcle.
Get the best of Sporcle when you Go Orange. This ad-free experience offers more features, more stats, and more fun while also helping to support Sporcle. Thank you for becoming a member.

You're not logged in!

Compare scores with friends on all Sporcle quizzes.
OR
Log In

Show Comments

Extras

Top Quizzes Today


Score Distribution

Your Account Isn't Verified!

In order to create a playlist on Sporcle, you need to verify the email address you used during registration. Go to your Sporcle Settings to finish the process.

Report this User

Report this user for behavior that violates our Community Guidelines.

Details: